Statistics for 10 States with the Most Drug Overdoses

Click here to take the quiz!

General Stats

  • This quiz has been taken 37 times
  • The average score is 5 of 10

Answer Stats

RateState% Correct
24.6Ohio
88%
21.9Pennsylvania
71%
24.7Kentucky
62%
35.5West Virginia
56%
27.3New Mexico
41%
20.9Delaware
38%
22.4Utah
38%
26.2New Hampshire
35%
23.4Rhode Island
35%
20.3Oklahoma
29%

Score Distribution

Percentile by Number Answered

Percent of People with Each Score

Your Score History

You have not taken this quiz